Agenda aide - mémoire agricole et viticole / publié par G. Wery
Descripción Física:
250, [10],148, [118] p. : il. ; 16 cm
Otros Autores:
Wery, G.
MARC
| LEADER | 00000nam a2200000Ia 4500 | ||
|---|---|---|---|
| 001 | 14447 | ||
| 008 | 160829s1928 xx 000 0 cat d | ||
| 080 | |a C-2-262 | ||
| 245 | |a Agenda aide - mémoire agricole et viticole / publié par G. Wery | ||
| 260 | |a Paris : |b J.B. Baillière, |c 1928 | ||
| 300 | |a 250, [10],148, [118] p. : |b il. ; |c 16 cm | ||
| 590 | |a Conté: Calendrier agricole; Tableaux de comptabilité. | ||
| 590 | |a Anuncis de productes agrícoles. | ||
| 590 | |a Bibliografia | ||
| 650 | |a Agricultura |9 24522 | ||
| 650 | |a Agricultura |x Calendaris |9 22223 | ||
| 700 | |a Wery, G. |9 22224 | ||
| 901 | |a Arxiu | ||
| 942 | |n 1 | ||
| 952 | |0 0 |1 0 |4 0 |6 C2262 |7 1 |9 42130 |a Arxiu |b Arxiu |d 2016-12-01 |l 0 |o C-2-262 |p 14447 |r 2016-12-01 00:00:00 |w 2016-12-01 |y ARXIU | ||
| 999 | |c 44577 |d 44577 | ||